| 000 | 01191cam a22003011i 4500 | ||
|---|---|---|---|
| 999 |
_c57804 _d57804 |
||
| 001 | 19619505 | ||
| 005 | 20221107105429.0 | ||
| 008 | 170502s2020 mau 000 0 eng | ||
| 020 | _a9781911617303x | ||
| 041 | _aeng | ||
| 080 | _a327(73:510)+94 A-30 | ||
| 100 | 1 |
_aAllison, Graham T., _eauthor. _99874 |
|
| 245 | 1 | 0 |
_aDestined for war : _bcan America and China escape Thucydides's trap? / _cGraham Allison. |
| 264 | 1 |
_aMelbourne : _bScribe, _c2020. |
|
| 300 |
_a364 pages ; _c24 cm. |
||
| 600 | 1 | 0 |
_aThucydides. _tHistory of the Peloponnesian War. _99875 |
| 650 | 0 |
_aWar _xCauses. _99876 |
|
| 650 | 7 |
_aPOLITICAL SCIENCE / History & Theory. _2bisacsh _99877 |
|
| 650 | 7 |
_aHISTORY / Military / General. _2bisacsh _99878 |
|
| 650 | 7 |
_aPOLITICAL SCIENCE / International Relations / General. _2bisacsh _99879 |
|
| 650 | 7 |
_aHISTORY / Asia / China. _2bisacsh _99880 |
|
| 651 | 0 |
_aUnited States _xForeign relations _zChina. _99881 |
|
| 651 | 0 |
_aChina _xForeign relations _zChina. _99882 |
|
| 653 | _aპელოპონესის ომის ისტორია | ||
| 653 | _aსაგარეო ურთიერთობები | ||
| 653 | _aჩინეთი | ||
| 942 |
_2udc _cBK |
||